[Event "Naantali Avoin op"]
[Site "Naantali"]
[Date "2017.07.05"]
[Round "4"]
[White "Demidov, Jan"]
[Black "Haanila, Erkki"]
[Result "1-0"]
[WhiteElo "2216"]
[BlackElo "1898"]
[PlyCount "89"]
[EventDate "2017.07.03"]
[EventType "swiss"]
[EventRounds "7"]
[EventCountry "FIN"]
[SourceTitle "EXT 2018"]
[Source "ChessBase"]
[SourceDate "2017.10.13"]
[SourceVersion "1"]
[SourceVersionDate "2017.10.13"]
[SourceQuality "1"]

1. c4 e5 2. Nc3 Nc6 3. g3 a6 4. Bg2 Bc5 5. a3 d6 6. e3 Rb8 7. Nge2 Nge7 8. 0-0 0-0 9. b4 Ba7 10. d3 Ng6 11. b5 Nce7 12. a4 c6 13. a5 Ra8 14. b6 Bb8 15. d4 exd4 16. Nxd4 Ne5 17. Qe2 Be6 18. Nxe6 fxe6 19. f4 Nd7 20. e4 Nc5 21. Be3 Nd7 22. Rad1 Qe8 23. Bh3 e5 24. f5 Nf6 25. g4 d5 26. cxd5 cxd5 27. exd5 Bd6 28. g5 Nh5 29. Ne4 Rd8 30. Bg4 Nf4 31. Bxf4 exf4 32. Nxd6 Rxd6 33. Rfe1 Rf7 34. f6 gxf6 35. Be6 fxg5 36. Qe5 Rxe6 37. dxe6 Rf5 38. Qc7 Nd5 39. Rxd5 Rxd5 40. Qxb7 Rd6 41. Rc1 Rd8 42. e7 Rd7 43. Rc8 Rxb7 44. Rxe8+ Kf7 45. Rh8 1-0

[Event "Heart of Finland op 26th"]
[Site "Jyvaskyla"]
[Date "2016.07.23"]
[Round "8"]
[White "Seeman, Tarvo"]
[Black "Demidov, Jan"]
[Result "1-0"]
[WhiteElo "2406"]
[BlackElo "2120"]
[PlyCount "59"]
[EventDate "2016.07.18"]
[EventType "swiss"]
[EventRounds "9"]
[EventCountry "FIN"]
[SourceTitle "CBM 173 Extra"]
[Source "ChessBase"]
[SourceDate "2016.08.29"]
[SourceVersion "1"]
[SourceVersionDate "2016.08.29"]
[SourceQuality "1"]

1. g3 d5 2. Nf3 Nf6 3. Bg2 e6 4. 0-0 Be7 5. d3 0-0 6. Nbd2 c5 7. e4 Nc6 8. Re1 b6 9. e5 Nd7 10. Nf1 a5 11. a4 Ba6 12. h4 Qc7 13. Bf4 Rab8 14. Ne3 Nb4 15. h5 Rfd8 16. h6 g6 17. Ng4 b5 18. Bg5 Bxg5 19. Nxg5 Rf8 20. c3 Nc6 21. axb5 Bxb5 22. c4 Ba6 23. cxd5 Nd4 24. Re4 exd5 25. Rxd4 cxd4 26. e6 f6 27. e7 fxg5 28. exf8Q+ Rxf8 29. Bxd5+ Kh8 30. Qa4 1-0

[Event "Heart of Finland op 26th"]
[Site "Jyvaskyla"]
[Date "2016.07.22"]
[Round "7"]
[White "Demidov, Jan"]
[Black "Rantanen, Yrjo A"]
[Result "1-0"]
[WhiteElo "2120"]
[BlackElo "2300"]
[PlyCount "121"]
[EventDate "2016.07.18"]
[EventType "swiss"]
[EventRounds "9"]
[EventCountry "FIN"]
[SourceTitle "CBM 173 Extra"]
[Source "ChessBase"]
[SourceDate "2016.08.29"]
[SourceVersion "1"]
[SourceVersionDate "2016.08.29"]
[SourceQuality "1"]

1. d4 Nf6 2. c4 e6 3. Nf3 d5 4. g3 c6 5. Nbd2 c5 6. cxd5 exd5 7. Bg2 Nc6 8. dxc5 Bxc5 9. 0-0 0-0 10. Nb3 Bb6 11. Bf4 Re8 12. Rc1 Ne4 13. Nfd4 Qf6 14. Be3 Ne5 15. Nc2 Be6 16. Bxb6 axb6 17. Ne3 Qh6 18. a3 Rad8 19. Nd4 Bh3 20. Bxh3 Qxh3 21. f3 Nf6 22. Qd2 Rd7 23. Rf2 g6 24. b3 Rde7 25. Nf1 Qd7 26. e3 Nc6 27. Qc3 Rc8 28. Rfc2 Ne8 29. Nxc6 Rxc6 30. Qd3 Qc7 31. Kf2 Nd6 32. a4 Nf5 33. Rc3 h5 34. R1c2 Ree6 35. Rxc6 Rxc6 36. Rd2 Rc1 37. Rd1 Rc2+ 38. Kg1 Ne7 39. Rd2 Rc3 40. Qb1 Nf5 41. Rxd5 Nxe3 42. Rd3 Rc1 43. Qxc1 Qxc1 44. Rxe3 Qc2 45. h4 Kg7 46. Nh2 Kf6 47. Nf1 Qb2 48. Rd3 Ke5 49. Re3+ Kf6 50. Rd3 Kg7 51. Re3 Kf8 52. Rd3 f6 53. f4 Ke7 54. Re3+ Kf7 55. Nh2 Qc2 56. Nf1 g5 57. fxg5 fxg5 58. hxg5 Kg6 59. Re6+ Kf7 60. Rf6+ Kg7 61. b4 1-0

[Event "Heart of Finland op 26th"]
[Site "Jyvaskyla"]
[Date "2016.07.21"]
[Round "5"]
[White "Lehtohalme, Lasse"]
[Black "Demidov, Jan"]
[Result "0-1"]
[WhiteElo "1973"]
[BlackElo "2120"]
[PlyCount "78"]
[EventDate "2016.07.18"]
[EventType "swiss"]
[EventRounds "9"]
[EventCountry "FIN"]
[SourceTitle "EXT 2022"]
[Source "ChessBase"]
[SourceDate "2021.10.06"]
[SourceVersion "1"]
[SourceVersionDate "2021.10.06"]
[SourceQuality "1"]

1. d4 Nf6 2. Nf3 e6 3. Bf4 d5 4. e3 c5 5. c3 Nc6 6. Bd3 Bd6 7. dxc5 Bxf4 8. exf4 Nd7 9. b4 Qf6 10. b5 Na5 11. c6 bxc6 12. bxc6 Nxc6 13. Qa4 Bb7 14. Ba6 Nb6 15. Bxb7 Nxa4 16. Bxc6+ Ke7 17. Bxa4 Qxf4 18. Bd1 Qc1 19. Nd4 Rhb8 20. Nb3 Qb2 21. N1d2 a5 22. a4 Rxb3 23. Nxb3 Qxc3+ 24. Ke2 Qb2+ 25. Kf3 Rb8 26. Re1 Qc3+ 27. Ke2 Rxb3 28. Bxb3 Qxb3 29. Kf1 d4 30. f3 f6 31. Re4 e5 32. Rae1 Qc4+ 33. Kg1 Qc2 34. Ra1 d3 35. Ree1 d2 36. Red1 f5 37. Kf2 e4 38. g4 Qd3 39. fxe4 fxe4 0-1

[Event "Heart of Finland op 26th"]
[Site "Jyvaskyla"]
[Date "2016.07.19"]
[Round "2"]
[White "Agopov, Mikael"]
[Black "Demidov, Jan"]
[Result "1-0"]
[WhiteElo "2432"]
[BlackElo "2120"]
[PlyCount "103"]
[EventDate "2016.07.18"]
[EventType "swiss"]
[EventRounds "9"]
[EventCountry "FIN"]
[SourceTitle "CBM 173 Extra"]
[Source "ChessBase"]
[SourceDate "2016.08.29"]
[SourceVersion "1"]
[SourceVersionDate "2016.08.29"]
[SourceQuality "1"]

1. e4 c5 2. Nf3 d6 3. d4 cxd4 4. Nxd4 Nf6 5. Nc3 a6 6. Be3 e5 7. Nb3 Be6 8. h3 h5 9. Qd2 Nbd7 10. 0-0-0 b5 11. Kb1 Be7 12. Bd3 Nb6 13. a3 Rc8 14. f4 Nc4 15. Bxc4 Rxc4 16. Qd3 Qa8 17. fxe5 dxe5 18. Nd5 Bxd5 19. exd5 0-0 20. Na5 Rcc8 21. Qb3 Bd8 22. Nc6 Nxd5 23. Rxd5 Qxc6 24. Rxe5 Bb6 25. Bxb6 Qxb6 26. Rxh5 Qg6 27. g4 Qe4 28. Rc1 g6 29. Rd5 Rc6 30. Qd3 Re8 31. Rd8 Rce6 32. Qxe4 Rxe4 33. Rxe8+ Rxe8 34. c4 bxc4 35. Rxc4 Re6 36. g5 f5 37. gxf6 Rxf6 38. h4 Kh7 39. Ka2 Rf3 40. Ra4 Rf6 41. Ra5 Kh6 42. a4 Re6 43. Ka3 Rb6 44. b4 Rf6 45. b5 Rf3+ 46. Kb4 axb5 47. axb5 Rf4+ 48. Kc5 Rf5+ 49. Kb6 Rf4 50. Ka6 Rxh4 51. b6 Rb4 52. b7 1-0

[Event "Heart of Finland op 26th"]
[Site "Jyvaskyla"]
[Date "2016.07.19"]
[Round "3"]
[White "Demidov, Jan"]
[Black "Salonen, Mikko"]
[Result "1-0"]
[WhiteElo "2120"]
[BlackElo "1936"]
[PlyCount "93"]
[EventDate "2016.07.18"]
[EventType "swiss"]
[EventRounds "9"]
[EventCountry "FIN"]
[SourceTitle "EXT 2022"]
[Source "ChessBase"]
[SourceDate "2021.10.06"]
[SourceVersion "1"]
[SourceVersionDate "2021.10.06"]
[SourceQuality "1"]

1. e4 e5 2. Nf3 Nc6 3. Bb5 a6 4. Ba4 Nf6 5. 0-0 b5 6. Bb3 Be7 7. d4 exd4 8. e5 Ne4 9. Bd5 Nc5 10. Nxd4 Bb7 11. Bxc6 dxc6 12. Qg4 Qd7 13. Nf5 g6 14. Ne3 0-0-0 15. f4 f5 16. Qe2 Ne4 17. a4 Bc5 18. Nc3 Qd4 19. Nxe4 Qxe4 20. Kh1 h5 21. Qf3 Rd4 22. c3 Rxa4 23. Rxa4 Qxa4 24. b4 Bxe3 25. Qxe3 Rd8 26. e6 Qd1 27. Re1 Qd5 28. Qg3 c5 29. h4 Rg8 30. e7 Bc6 31. Be3 cxb4 32. cxb4 Kb7 33. Bc5 a5 34. Re5 Qd1+ 35. Kh2 a4 36. Re6 Qb3 37. Qxb3 axb3 38. Re3 Ra8 39. Rxb3 Be4 40. Rg3 Kc6 41. Rxg6+ Kd7 42. Rh6 Rg8 43. g3 Ra8 44. Rxh5 Ra1 45. g4 Ra2+ 46. Kg1 fxg4 47. e8Q+ 1-0

[Event "Helsinki We EtVaS A"]
[Site "Helsinki"]
[Date "2016.05.29"]
[Round "4.5"]
[White "Demidov, Jan"]
[Black "Kugappi, Tomi"]
[Result "1-0"]
[WhiteElo "2127"]
[BlackElo "1979"]
[PlyCount "77"]
[EventDate "2016.05.27"]
[EventType "swiss"]
[EventRounds "5"]
[EventCountry "FIN"]
[SourceTitle "EXT 2022"]
[Source "ChessBase"]
[SourceDate "2021.10.06"]
[SourceVersion "1"]
[SourceVersionDate "2021.10.06"]
[SourceQuality "1"]

1. Nf3 d5 2. g3 Nf6 3. Bg2 Bf5 4. 0-0 e6 5. c4 c6 6. b3 h6 7. Bb2 Be7 8. d3 0-0 9. Nbd2 Nbd7 10. Re1 Bh7 11. a3 a5 12. Bc3 c5 13. e4 d4 14. Bb2 e5 15. h3 Ne8 16. Nf1 Nd6 17. Bc1 Qc7 18. N3h2 f5 19. exf5 Nxf5 20. Bd5+ Kh8 21. Ng4 Rae8 22. Rb1 Bd6 23. Bg2 b6 24. Rb2 Nf6 25. Rbe2 Bg6 26. Qc2 h5 27. Ngh2 Rf7 28. Nf3 Rfe7 29. Ng5 Nh6 30. Nh2 Nf7 31. Nhf3 Nxg5 32. Bxg5 Qd7 33. Nh4 Bh7 34. Kh2 Rf7 35. Bf3 g6 36. Bg2 Qc7 37. Qd2 Ng8 38. f4 Rff8 39. Nf3 1-0

[Event "Helsinki We EtVaS A"]
[Site "Helsinki"]
[Date "2016.05.28"]
[Round "3.5"]
[White "Hallman, Valo"]
[Black "Demidov, Jan"]
[Result "1/2-1/2"]
[WhiteElo "2155"]
[BlackElo "2127"]
[PlyCount "57"]
[EventDate "2016.05.27"]
[EventType "swiss"]
[EventRounds "5"]
[EventCountry "FIN"]
[SourceTitle "EXT 2022"]
[Source "ChessBase"]
[SourceDate "2021.10.06"]
[SourceVersion "1"]
[SourceVersionDate "2021.10.06"]
[SourceQuality "1"]

1. d4 Nf6 2. Nf3 e6 3. c4 b6 4. g3 Bb7 5. Bg2 Be7 6. 0-0 0-0 7. Nc3 Ne4 8. Nxe4 Bxe4 9. d5 f5 10. Be3 Bf6 11. Bd4 Bxd4 12. Qxd4 d6 13. dxe6 Nc6 14. Qd2 Qf6 15. Ng5 Bxg2 16. Kxg2 Ne5 17. Rac1 h6 18. Nf3 Nxf3 19. exf3 Qxe6 20. Qd5 Qf7 21. f4 a5 22. Rfe1 Rfe8 23. b3 Kf8 24. Qc6 Rad8 25. Rcd1 Rxe1 26. Rxe1 Qd7 27. Qd5 Qf7 28. Qc6 Qd7 29. Qd5 1/2-1/2

[Event "Helsinki We HSK 130v A"]
[Site "Helsinki"]
[Date "2016.05.14"]
[Round "2"]
[White "Demidov, Jan"]
[Black "Blinov, Jurij"]
[Result "1-0"]
[WhiteElo "2127"]
[BlackElo "1985"]
[PlyCount "46"]
[EventDate "2016.05.13"]
[EventType "swiss"]
[EventRounds "5"]
[EventCountry "FIN"]
[SourceTitle "EXT 2022"]
[Source "ChessBase"]
[SourceDate "2021.10.06"]
[SourceVersion "1"]
[SourceVersionDate "2021.10.06"]
[SourceQuality "1"]

1. e4 c5 2. Nf3 d6 3. d4 cxd4 4. Nxd4 Nf6 5. Nc3 a6 6. f3 Bd7 7. Be3 Nc6 8. Qd2 b5 9. a4 b4 10. Nd5 Nxd4 11. Bxd4 Nxd5 12. exd5 a5 13. Bc4 f6 14. 0-0 g6 15. Rae1 Kf7 16. b3 Bg7 17. Qe3 Rb8 18. Rf2 Re8 19. Rfe2 h6 20. h4 f5 21. Kf1 Bf6 22. Bxf6 exf6 23. Qxh6 Rg8 1-0

[Event "Helsinki Garde Spring Weekend A"]
[Site "Helsinki"]
[Date "2016.03.06"]
[Round "4"]
[White "Jarvenpaa, Jari"]
[Black "Demidov, Jan"]
[Result "1-0"]
[WhiteElo "2300"]
[BlackElo "2114"]
[PlyCount "53"]
[EventDate "2016.03.04"]
[EventType "swiss"]
[EventRounds "5"]
[EventCountry "FIN"]
[SourceTitle "EXT 2022"]
[Source "ChessBase"]
[SourceDate "2021.10.06"]
[SourceVersion "1"]
[SourceVersionDate "2021.10.06"]
[SourceQuality "1"]

1. e4 e5 2. Nf3 Nc6 3. Bb5 a6 4. Ba4 Nf6 5. d3 b5 6. Bb3 Bc5 7. c3 0-0 8. 0-0 d6 9. h3 h6 10. Re1 Bb7 11. Nbd2 g6 12. Nf1 Kg7 13. Ng3 Bb6 14. Nh2 Bc8 15. Nhf1 Be6 16. Ne3 Bxe3 17. Bxe3 d5 18. Qd2 Rh8 19. f4 dxe4 20. fxe5 Nxe5 21. Bxe6 fxe6 22. Bd4 Nxd3 23. Bxf6+ Qxf6 24. Nxe4 Qd8 25. Red1 Ne5 26. Qf4 Nd3 27. Qe3 1-0

[Event "Helsinki Garde Spring Weekend A"]
[Site "Helsinki"]
[Date "2016.03.05"]
[Round "2"]
[White "Demidov, Jan"]
[Black "Tuovinen, Jukka"]
[Result "1/2-1/2"]
[WhiteElo "2114"]
[BlackElo "2059"]
[PlyCount "99"]
[EventDate "2016.03.04"]
[EventType "swiss"]
[EventRounds "5"]
[EventCountry "FIN"]
[SourceTitle "EXT 2022"]
[Source "ChessBase"]
[SourceDate "2021.10.06"]
[SourceVersion "1"]
[SourceVersionDate "2021.10.06"]
[SourceQuality "1"]

1. c4 e6 2. g3 d5 3. Bg2 Nf6 4. Nf3 dxc4 5. Qa4+ Nbd7 6. Qxc4 c5 7. 0-0 Be7 8. d4 0-0 9. dxc5 Bxc5 10. b4 Be7 11. a3 Nb6 12. Qb3 Bd7 13. Nc3 Nfd5 14. Nxd5 Nxd5 15. e4 Nf6 16. e5 Nd5 17. Nd4 Qb6 18. Bb2 a5 19. Bxd5 exd5 20. Bc3 axb4 21. axb4 Be6 22. f4 Bh3 23. Rfd1 Bg4 24. Rdc1 Bf3 25. Ra5 Rxa5 26. bxa5 Qxb3 27. Nxb3 Rc8 28. Bd4 Rxc1+ 29. Nxc1 Bb4 30. Bb6 Kf8 31. Nd3 Ba3 32. Kf2 Bg4 33. Ke3 Ke8 34. Kd4 Kd7 35. Kxd5 Be2 36. Nf2 Bf3+ 37. Kd4 Kc6 38. Ne4 h6 39. Nd2 Bd5 40. Nf1 Bb2+ 41. Kd3 Kb5 42. Ne3 Ba2 43. Kc2 Ba3 44. Nf5 g6 45. Nxh6 Bb4 46. g4 Kc4 47. Nxf7 Bb3+ 48. Kb2 Bc3+ 49. Kc1 Kd3 50. Nd6 1/2-1/2

[Event "Espoo We MatSK A"]
[Site "Espoo"]
[Date "2016.02.28"]
[Round "5"]
[White "Luukkonen, Tommi"]
[Black "Demidov, Jan"]
[Result "1-0"]
[WhiteElo "2301"]
[BlackElo "2117"]
[PlyCount "51"]
[EventDate "2016.02.26"]
[EventType "swiss"]
[EventRounds "5"]
[EventCountry "FIN"]
[SourceTitle "EXT 2022"]
[Source "ChessBase"]
[SourceDate "2021.10.06"]
[SourceVersion "1"]
[SourceVersionDate "2021.10.06"]
[SourceQuality "1"]

1. d4 Nf6 2. c4 c5 3. d5 b5 4. cxb5 a6 5. bxa6 Nxa6 6. Nc3 g6 7. e4 d6 8. Bb5+ Bd7 9. Bc4 Bg7 10. Nf3 0-0 11. h3 Qb6 12. 0-0 Nc7 13. e5 dxe5 14. Nxe5 Rad8 15. Qe2 Qd6 16. Bf4 Ncxd5 17. Nxd5 Nxd5 18. Nxf7 Qxf4 19. Nxd8 Rxd8 20. Qxe7 Bf6 21. Bxd5+ Kh8 22. Qe3 Qxe3 23. fxe3 Bxb2 24. Rab1 Bf5 25. e4 Bd4+ 26. Kh1 1-0

[Event "Espoo We MatSK A"]
[Site "Espoo"]
[Date "2016.02.27"]
[Round "3"]
[White "Demidov, Jan"]
[Black "Tumanov, Dmitri"]
[Result "0-1"]
[WhiteElo "2117"]
[BlackElo "2143"]
[PlyCount "70"]
[EventDate "2016.02.26"]
[EventType "swiss"]
[EventRounds "5"]
[EventCountry "FIN"]
[SourceTitle "EXT 2022"]
[Source "ChessBase"]
[SourceDate "2021.10.06"]
[SourceVersion "1"]
[SourceVersionDate "2021.10.06"]
[SourceQuality "1"]

1. c4 e5 2. g3 Nf6 3. Bg2 Nc6 4. Nc3 Bb4 5. d3 a5 6. a3 Bc5 7. Nf3 d6 8. 0-0 0-0 9. Ne1 Be6 10. Bg5 h6 11. Bxf6 Qxf6 12. Ne4 Qe7 13. Nxc5 dxc5 14. Bxc6 bxc6 15. Qa4 Bh3 16. Ng2 Qd6 17. Rfd1 f5 18. e3 f4 19. Rac1 fxg3 20. hxg3 Qf6 21. Rd2 h5 22. Qd1 Bg4 23. Qf1 g5 24. Ne1 Rf7 25. Qg2 a4 26. Rc3 Raf8 27. b3 e4 28. d4 Bf3 29. Nxf3 exf3 30. Qh3 Rb8 31. bxa4 Rb1+ 32. Kh2 h4 33. gxh4 gxh4 34. Qc8+ Kh7 35. Rcc2 Qd6+ 0-1

[Event "Helsinki We LauttSK"]
[Site "Helsinki"]
[Date "2015.10.23"]
[Round "1"]
[White "Auvinen, Esa"]
[Black "Demidov, Jan"]
[Result "0-1"]
[WhiteElo "1969"]
[BlackElo "2117"]
[PlyCount "82"]
[EventDate "2015.10.23"]
[EventType "swiss"]
[EventRounds "5"]
[EventCountry "FIN"]
[SourceTitle "EXT 2022"]
[Source "ChessBase"]
[SourceDate "2021.10.06"]
[SourceVersion "1"]
[SourceVersionDate "2021.10.06"]
[SourceQuality "1"]

1. e4 g6 2. d4 Bg7 3. Nf3 d6 4. Bc4 Nf6 5. Nc3 0-0 6. 0-0 Nc6 7. Re1 Bg4 8. d5 Ne5 9. Be2 Nxf3+ 10. Bxf3 Bxf3 11. Qxf3 Nd7 12. Bf4 e5 13. dxe6 fxe6 14. Qe3 Bxc3 15. bxc3 e5 16. Bh6 Rf7 17. Qh3 Qf6 18. Be3 Nf8 19. Re2 Ne6 20. Rd1 h5 21. Rd3 Kg7 22. Bd2 Nc5 23. Rf3 Qe7 24. Rxf7+ Qxf7 25. Qe3 Rh8 26. Qg5 Qxa2 27. f4 exf4 28. e5 Qe6 29. c4 Nd7 30. Bxf4 dxe5 31. Rxe5 Nxe5 32. Bxe5+ Kh7 33. h4 Re8 34. Bxc7 Qe7 35. Qf4 Rf8 36. Qg3 Qc5+ 37. Kh2 Qxc4 38. c3 Rf7 39. Be5 Qg4 40. Qe1 Re7 41. Qf2 Qf5 0-1

[Event "Helsinki We HSK:n XVII syys"]
[Site "Helsinki"]
[Date "2015.08.23"]
[Round "4"]
[White "Parkkinen, Jyrki"]
[Black "Demidov, Jan"]
[Result "1-0"]
[WhiteElo "2174"]
[BlackElo "2061"]
[PlyCount "71"]
[EventDate "2015.08.21"]
[EventType "swiss"]
[EventRounds "5"]
[EventCountry "FIN"]
[SourceTitle "EXT 2022"]
[Source "ChessBase"]
[SourceDate "2021.10.06"]
[SourceVersion "1"]
[SourceVersionDate "2021.10.06"]
[SourceQuality "1"]

1. Nf3 Nf6 2. c4 e6 3. d4 d5 4. Nc3 c6 5. Qd3 Nbd7 6. e4 dxe4 7. Nxe4 Qc7 8. g3 Bb4+ 9. Bd2 Bxd2+ 10. Nfxd2 Nxe4 11. Nxe4 Qa5+ 12. Qd2 Qxd2+ 13. Kxd2 Ke7 14. Bg2 Rd8 15. f4 b6 16. Kc3 Bb7 17. c5 Rab8 18. b4 Nf6 19. Nd6 Ba8 20. Rae1 g6 21. f5 gxf5 22. Nxf5+ Kf8 23. Nd6 Ne8 24. Nxe8 Rxe8 25. Rhf1 a5 26. a3 bxc5 27. dxc5 Kg7 28. Rf4 axb4+ 29. axb4 Rbd8 30. Ra1 Re7 31. Rd4 Rxd4 32. Kxd4 e5+ 33. Ke3 Bb7 34. Ra7 e4 35. g4 h5 36. g5 1-0

[Event "Helsinki We HSK:n XVII syys"]
[Site "Helsinki"]
[Date "2015.08.22"]
[Round "2"]
[White "Demidov, Jan"]
[Black "Luukkonen, Tommi"]
[Result "0-1"]
[WhiteElo "2061"]
[BlackElo "2325"]
[PlyCount "64"]
[EventDate "2015.08.21"]
[EventType "swiss"]
[EventRounds "5"]
[EventCountry "FIN"]
[SourceTitle "EXT 2022"]
[Source "ChessBase"]
[SourceDate "2021.10.06"]
[SourceVersion "1"]
[SourceVersionDate "2021.10.06"]
[SourceQuality "1"]

1. e4 c5 2. Nf3 d6 3. c3 Nf6 4. Be2 Nbd7 5. Qc2 Qc7 6. 0-0 g6 7. d3 Bg7 8. a4 0-0 9. Na3 b6 10. h3 Bb7 11. Bf4 Nh5 12. Bh2 Bh6 13. Rfe1 Nf4 14. Bxf4 Bxf4 15. g3 Bh6 16. Bf1 f5 17. Bg2 fxe4 18. dxe4 Rf7 19. Nh2 a6 20. Ng4 Bg7 21. Bf1 h5 22. Ne3 Ne5 23. Red1 Nf3+ 24. Kg2 e6 25. Nac4 Rd8 26. Be2 Ng5 27. f3 d5 28. h4 Nxf3 29. Bxf3 Rdf8 30. Nd2 dxe4 31. Bxe4 Rf2+ 32. Kh3 Qxg3+ 0-1

[Event "Helsinki ShakkiNet-B 6th"]
[Site "Helsinki"]
[Date "2015.06.10"]
[Round "3"]
[White "Kugappi, Tomi"]
[Black "Demidov, Jan"]
[Result "0-1"]
[WhiteElo "1993"]
[BlackElo "2146"]
[PlyCount "72"]
[EventDate "2015.06.08"]
[EventType "tourn"]
[EventRounds "5"]
[EventCountry "FIN"]
[SourceTitle "CBM 166 Extra"]
[Source "ChessBase"]
[SourceDate "2015.06.18"]
[SourceVersion "1"]
[SourceVersionDate "2015.06.18"]
[SourceQuality "1"]

1. d4 c5 2. e3 Nf6 3. Nf3 g6 4. b3 Bg7 5. Bb2 0-0 6. Be2 b6 7. 0-0 Bb7 8. Nbd2 d6 9. c4 Qc7 10. Qc2 Nbd7 11. Rfd1 e5 12. Nf1 Ne4 13. Ng3 f5 14. Nxe4 Bxe4 15. Qd2 cxd4 16. exd4 Bxf3 17. gxf3 e4 18. fxe4 fxe4 19. Bc1 Nc5 20. dxc5 Qxc5 21. Bb2 Bxb2 22. Qxb2 Rxf2 23. Kh1 Qe3 24. Rf1 Rxe2 25. Qf6 Qh6 26. Qxd6 Re8 27. Rad1 e3 28. Qd5+ Kh8 29. Qd4+ Qg7 30. Qxg7+ Kxg7 31. Rd7+ Kh6 32. Rxa7 Rd8 33. Re7 Rdd2 34. Ra1 Rxh2+ 35. Kg1 Rdg2+ 36. Kf1 e2+ 0-1

[Event "Helsinki We HSK 05 op"]
[Site "Helsinki"]
[Date "2015.05.24"]
[Round "5"]
[White "Sammalvuo, Tapani"]
[Black "Demidov, Jan"]
[Result "1/2-1/2"]
[WhiteElo "2441"]
[BlackElo "2146"]
[PlyCount "51"]
[EventDate "2015.05.22"]
[EventType "swiss"]
[EventRounds "5"]
[EventCountry "FIN"]
[SourceTitle "EXT 2016"]
[Source "ChessBase"]
[SourceDate "2015.10.08"]
[SourceVersion "1"]
[SourceVersionDate "2015.10.08"]
[SourceQuality "1"]

1. Nf3 d5 2. d4 Nf6 3. c4 c6 4. Nc3 e6 5. Bg5 Nbd7 6. e3 Be7 7. Rc1 h6 8. Bh4 0-0 9. Bd3 dxc4 10. Bxc4 b5 11. Bd3 Bb7 12. 0-0 a6 13. Bxf6 Bxf6 14. Ne4 Be7 15. Bb1 f5 16. Ng3 c5 17. e4 g6 18. Re1 Rc8 19. Qe2 Bf6 20. dxc5 Nxc5 21. exf5 Bxf3 22. Qxf3 exf5 23. Red1 Qe7 24. Qd5+ Kh8 25. Re1 Rfd8 26. Qf3 1/2-1/2

[Event "Helsinki Garde Spring Weekend A"]
[Site "Helsinki"]
[Date "2015.03.08"]
[Round "5"]
[White "Ristoja, Samu"]
[Black "Demidov, Jan"]
[Result "1/2-1/2"]
[WhiteElo "2099"]
[BlackElo "2149"]
[PlyCount "66"]
[EventDate "2015.03.06"]
[EventType "swiss"]
[EventRounds "5"]
[EventCountry "FIN"]
[SourceTitle "EXT 2022"]
[Source "ChessBase"]
[SourceDate "2021.10.06"]
[SourceVersion "1"]
[SourceVersionDate "2021.10.06"]
[SourceQuality "1"]

1. d4 Nf6 2. Bg5 Ne4 3. Bf4 d5 4. e3 c5 5. Bd3 Nf6 6. c3 Qb6 7. Qc1 Nc6 8. Nf3 g6 9. 0-0 Nh5 10. Be5 Nxe5 11. Nxe5 Bg7 12. f4 f6 13. Nf3 0-0 14. f5 gxf5 15. Nh4 Bh6 16. Bxf5 Ng7 17. Qc2 Bxf5 18. Nxf5 Nxf5 19. Rxf5 Qe6 20. Na3 Qxe3+ 21. Kf1 cxd4 22. Re1 d3 23. Rxe3 dxc2 24. Rg3+ Kh8 25. Nxc2 e6 26. Rf2 f5 27. Re2 Rae8 28. Nb4 Bf4 29. Rh3 Bd6 30. Rh6 Bxb4 31. cxb4 e5 32. Rd6 d4 33. Rd5 e4 1/2-1/2

[Event "Helsinki Garde Spring Weekend A"]
[Site "Helsinki"]
[Date "2015.03.06"]
[Round "1"]
[White "Liimatainen, Jero"]
[Black "Demidov, Jan"]
[Result "0-1"]
[WhiteElo "2009"]
[BlackElo "2149"]
[PlyCount "40"]
[EventDate "2015.03.06"]
[EventType "swiss"]
[EventRounds "5"]
[EventCountry "FIN"]
[SourceTitle "EXT 2022"]
[Source "ChessBase"]
[SourceDate "2021.10.06"]
[SourceVersion "1"]
[SourceVersionDate "2021.10.06"]
[SourceQuality "1"]

1. e4 e6 2. d4 d5 3. Nc3 Nf6 4. Bg5 Be7 5. Bxf6 Bxf6 6. Nf3 0-0 7. Qd2 c5 8. e5 cxd4 9. Nb5 Be7 10. Bd3 Nc6 11. Nbxd4 Nxd4 12. Nxd4 f6 13. f4 Bc5 14. Nf3 Qb6 15. Ke2 Qxb2 16. Bxh7+ Kxh7 17. Qd3+ Kg8 18. Rhb1 Qa3 19. Qd2 Qa6+ 20. Ke1 Qc4 0-1

[Event "Espoo MatSK Weekend A"]
[Site "Espoo"]
[Date "2015.03.01"]
[Round "5"]
[White "Lammi, Jyri"]
[Black "Demidov, Jan"]
[Result "1-0"]
[WhiteElo "2116"]
[BlackElo "2125"]
[PlyCount "111"]
[EventDate "2015.02.27"]
[EventType "swiss"]
[EventRounds "5"]
[EventCountry "FIN"]
[SourceTitle "EXT 2022"]
[Source "ChessBase"]
[SourceDate "2021.10.06"]
[SourceVersion "1"]
[SourceVersionDate "2021.10.06"]
[SourceQuality "1"]

1. f4 d5 2. Nf3 Bg4 3. Ne5 Bf5 4. c4 f6 5. Qa4+ c6 6. Nf3 e6 7. Nd4 Nh6 8. e3 Nd7 9. Nxf5 Nxf5 10. cxd5 cxd5 11. Bd3 Nd6 12. Nc3 f5 13. 0-0 g6 14. Nb5 Nxb5 15. Bxb5 a6 16. Qd4 Rg8 17. Bxd7+ Qxd7 18. d3 Bg7 19. Qb6 Qc6 20. Qxc6+ bxc6 21. Bd2 Kd7 22. Rab1 c5 23. Rfc1 Rgc8 24. Bc3 Bxc3 25. Rxc3 Rab8 26. b3 Rb6 27. Rbc1 Rbc6 28. Kf2 a5 29. Ke2 R8c7 30. Kd2 Kc8 31. d4 c4 32. bxc4 dxc4 33. Ra3 Rb6 34. Rxa5 Rb2+ 35. Rc2 c3+ 36. Kd3 Rb1 37. Rc5 Rxc5 38. dxc5 Kc7 39. Kxc3 Kc6 40. Kd4 Rd1+ 41. Ke5 Re1 42. Kxe6 Rxe3+ 43. Kf6 Re4 44. g3 Re3 45. Kg7 Re7+ 46. Kh6 Rd7 47. a4 Re7 48. Rc3 Ra7 49. h4 Re7 50. h5 Re6 51. Kxh7 gxh5 52. a5 h4 53. gxh4 Re4 54. Rf3 Re6 55. Ra3 Re7+ 56. Kg6 1-0

[Event "Helsinki We LauttSK"]
[Site "Helsinki"]
[Date "2014.10.25"]
[Round "3"]
[White "Demidov, Jan"]
[Black "Kekki, Jorma J"]
[Result "0-1"]
[WhiteElo "2060"]
[BlackElo "2069"]
[PlyCount "112"]
[EventDate "2014.10.24"]
[EventType "swiss"]
[EventRounds "5"]
[EventCountry "FIN"]
[SourceTitle "EXT 2022"]
[Source "ChessBase"]
[SourceDate "2021.10.06"]
[SourceVersion "1"]
[SourceVersionDate "2021.10.06"]
[SourceQuality "1"]

1. c4 e6 2. d4 d5 3. Nf3 Nf6 4. g3 Bb4+ 5. Bd2 Be7 6. Bg2 0-0 7. 0-0 c6 8. Qc2 Nbd7 9. b3 b5 10. c5 a5 11. a3 Ne4 12. Ne1 f5 13. Nc3 a4 14. b4 Bf6 15. e3 Nxc3 16. Bxc3 g5 17. f3 Bg7 18. Nd3 Nf6 19. Ne5 Bd7 20. Rae1 Qc7 21. e4 f4 22. Bh3 Rae8 23. Nxd7 Nxd7 24. exd5 exd5 25. Rxe8 Rxe8 26. Qf5 Nf6 27. Qxg5 Re2 28. Rf2 Re3 29. Bd2 Rxa3 30. Bxf4 Ra1+ 31. Kg2 Qe7 32. Be5 a3 33. Qf5 a2 34. Qc8+ Qe8 35. Be6+ Kh8 36. Qxe8+ Nxe8 37. Kh3 Bxe5 38. dxe5 Nc7 39. Bd7 Kg7 40. Bxc6 Kf7 41. Bb7 Ke6 42. f4 d4 43. Kg4 d3 44. Be4 Nd5 45. Bxd5+ Kxd5 46. Kf5 Kd4 47. c6 Ke3 48. c7 Kxf2 49. c8Q Re1 50. Qc5+ Ke2 51. e6 a1Q 52. e7 Kd2 53. Qf2+ Re2 54. Qxe2+ dxe2 55. e8Q e1Q 56. Qd7+ Kc1 0-1